| 000 | 00330nam a2200109Ia 4500 | ||
|---|---|---|---|
| 008 | 171211s9999 xx 000 0 und d | ||
| 245 | 4 | _aThe Ancient Languages of Syria-Palestine and Arabia | |
| 245 | _cRoger D. Woodard | ||
| 260 | _c2008 | ||
| 650 | _xFamily and Friendship | ||
| 856 | _uhttp://down.ebook777.com/035/0521684986.pdf | ||
| 999 |
_c350243 _d350243 |
||